| 000 | 01448njm a2200361 c 4500 | ||
|---|---|---|---|
| 003 | BLK | ||
| 005 | 20250127161603.0 | ||
| 008 | 180410b bul||n||s|||||||| n|bulo| | ||
| 010 | _aCDD00000201000 | ||
| 040 | _aBLK | ||
| 041 |
_aDEU _cDEU |
||
| 080 |
_aКлавирно трио - пиано, цигулка и виолончело _b785.73:786.2:787.1:787.3 _x _z785.73:786.2:787.1:787.3 |
||
| 100 | 1 |
_aМенделсон-Бартолди, Феликс _eпърви автор _994797 |
|
| 700 | 1 |
_aMendelssohn-Bartoldy, Felix _e* _918406 |
|
| 700 | 1 |
_aKlaviertrio Amsterdam _eизп. _915246 |
|
| 139 |
_aМенделсон-Бартолди, Феликс _bМ 48 |
||
| 245 | 1 | 0 |
_aChamber Music [CD аудио] _bComplete _cФеликс Менделсон-Бартолди; * Felix Mendelssohn-Bartoldy; изп. Klaviertrio Amsterdam. |
| 257 | _aDEU | ||
| 260 |
_аS. l. _bBrilliant Classics _c2002 |
||
| 300 |
_c12 cm. _fбр. в к-т _g1 CD |
||
| 306 | _a54мин. 45сек. | ||
| 380 | _a7 | ||
| 505 |
_gD minor Оп.49 _tPiano trio N. 1 |
||
| 505 |
_gC minor Оп.66 _tPiano trio N. 2 |
||
| 650 | 0 |
_aТрио - клавирно - цигулка, виолончело, пиано _9353145 |
|
| 653 | _aклавирни триа | ||
| 852 |
_aЦб CD 1781 _p2 |
||
| 856 | 4 |
_qpdf _u |
|
| 856 | 4 |
_qpdf _u |
|
| 942 |
_cCDD _n0 |
||
| 944 |
_aCR _c22.07.2008 _k30560 _lГеновева Генчева |
||
| 944 |
_aED _c22.07.2008 _k |
||
| 999 |
_c215262 _d215262 |
||